| 000 | 00647nmm a2200241 a 4500 | ||
|---|---|---|---|
| 003 | AR-BaBNM | ||
| 005 | 20251128211628.0 | ||
| 008 | 095020s1988 ||||||||||||||000 | spa|| | ||
| 020 | _a85-03-00245-0 | ||
| 040 | _cAR-BaBNM | ||
| 100 | 1 | _aMota, Dantas | |
| 245 | 1 | 0 |
_aElegias do país das gerais _bpoesia completa |
| 260 |
_aRio de Janeiro _bJosé Olympio Editora _c1988 |
||
| 300 | 0 | _axxiii; 340 p. | |
| 650 | 4 | _aLITERATURA CONTEMPORANEA | |
| 650 | 4 | _aPOESIA | |
| 650 | 4 | _aANTOLOGIAS | |
| 653 | _aLITERATURA BRASILENA | ||
| 655 | _aLITERATURA | ||
| 700 | 1 |
_aAndrade, Carlos Drummond de _eprologuista |
|
| 942 | _cBK | ||
| 998 | _cmartin | ||
| 999 |
_c20493 _d20493 |
||